Les medias en Afrique (Record no. 60825)

MARC details
000 -LEADER
fixed length control field 00619nam a22002057a 4500
005 - DATE AND TIME OF LATEST TRANSACTION
control field 20230329112123.0
008 - FIXED-LENGTH DATA ELEMENTS--GENERAL INFORMATION
fixed length control field 230310b fr ||||| |||| 00| 0 fre d
020 ## - INTERNATIONAL STANDARD BOOK NUMBER
International Standard Book Number 2729899073
050 04 - LIBRARY OF CONGRESS CALL NUMBER
Classification number P92.A35
Item number T83 1999
100 1# - MAIN ENTRY--PERSONAL NAME
Personal name Tudesq, André-Jean
245 14 - TITLE STATEMENT
Title Les medias en Afrique
Statement of responsibility, etc / André-Jean, Tudesq.
250 ## - EDITION STATEMENT
Edition statement 1a ed.
260 ## - PUBLICATION, DISTRIBUTION, ETC. (IMPRINT)
Place of publication, distribution, etc Paris :
Name of publisher, distributor, etc Marketing,
Date of publication, distribution, etc 1999
300 ## - PHYSICAL DESCRIPTION
Extent 160 p. :
Other physical details il. ;
Dimensions 24 cm.
490 0# - SERIES STATEMENT
Series statement Infocom
504 ## - BIBLIOGRAPHY, ETC. NOTE
Bibliography, etc Bibliografía : p. 152-154
651 #7 - SUBJECT ADDED ENTRY--GEOGRAPHIC NAME
Source of heading or term lemb
Geographic name Africa
General subdivision Medios de comunicación de masas
651 #7 - SUBJECT ADDED ENTRY--GEOGRAPHIC NAME
Source of heading or term lemb
Geographic name Africa
General subdivision Medios de comunicación masiva
942 ## - ADDED ENTRY ELEMENTS (KOHA)
Source of classification or shelving scheme Biblioteca del Cogreso de los Estados Unidos
Koha item type Libro
Holdings
Estado de pérdida Fuente de clasificación Estado del daño No para préstamo Ubicación permanente Ubicación actual Apartado o colección Fecha de adquisición Fuente de adquisición Edición Área del conocimiento Total Checkouts Clasificación Código de Barras Date last seen Número de copia Costo por reposición Tipo de recurso
  Biblioteca del Cogreso de los Estados Unidos     Biblioteca del Posgrado en Derecho Biblioteca del Posgrado en Derecho Colección Ernesto Villanueva 29/03/2023 Donación 1a ed. Ciencias Sociales y Administrativas   P92.A35 T83 1999 BPD000001906 29/03/2023 1 1.00 Libro